000 01162cab a22002175a 4500
001 L152595
008 110331e20110107xxk 000 0 eng d
035 _a(Sirsi) u152595
041 0 _aeng
100 1 _aEade, Christine
245 0 0 _aMarkets
_bIslands of Britain
260 _c2011
490 0 _aProperty Week
_v77(1) 7 January 2011, 39-44(4)
520 _aCenkos Channel Islands Fund loves the Channel Islands' three-yearly rent reviews and is investing in Guernsey as well as Jersey. St Helier's Waterfront Enterprise Board to be renamed States of Jersey Development Company in April 2011 seeks to revive the stalled Esplanade Square waterfront development whose first phase will come in at £110m. Dandara is banking with its 37 Esplanade speculative office development on 2012 Jersey space shortage. Closed in 1964 the RAF Jurby air base in the Isle of Man is now home to four Russian space capsules.
590 _aKA
651 4 _aChannel Islands
651 4 _aIsle of Man
690 _aPROPERTY-COMMERCIAL PROPERTY-COMMERCIAL PROPERTY MARKET
690 _aPROPERTY-COMMERCIAL PROPERTY-COMMERCIAL PROPERTY FINANCE AND INVESTMENT
942 _n0
999 _c83015
_d83015